How to draw manga girls in simple steps
| Main Author: | |
|---|---|
| Format: | Book |
| Published: |
Tunbridge Wells :
Search Press Limited ,
2015
|
| Subjects: |
MARC
| LEADER | 00000cam a2200000 7i4500 | ||
|---|---|---|---|
| 001 | 0000201780 | ||
| 005 | 20160510.0 | ||
| 020 | |a 9781782211266 | ||
| 090 | 0 | 0 | |a 741.5 |b LIY |
| 100 | 1 | |a Li, Yishan | |
| 245 | 1 | 0 | |a How to draw manga girls in simple steps |c Yishan Li |
| 260 | |a Tunbridge Wells : |b Search Press Limited , |c 2015 | ||
| 300 | |a 32p. : |b .ill. ; |c 29cm. | ||
| 650 | 0 | 0 | |a Comic books, strips, etc. |x Technique |
| 650 | 0 | 0 | |a Drawing |x Technique |
| 999 | |a 00322003 |b BUKU |c PINJAMAN |e PERPUSTAKAAN KOMUNITI PETALING JAYA | ||